00450nam a2200121Ia 4500008004100000041001200041082002200053100005400075245008700129260003700216300000700253650006800260231217s9999 xx 000 0 und d aEnglish a158.1 DKL.1;5 R aJohnson, Roy. Eaton, John. Holden, Robert et. al. 0aWinners manual : archiving excellence, influencing people, balancing work and life c2008bDarling KindersleyaLondon a72 aWinners,selling,successfully,,making,presentations,,manage,time